Auteurs de Philo - Statistiques

Statistiques générales
  • Ce quiz a été pris 185 fois
  • Le résultat moyen est 8 sur 15
Statistiques - réponses
Questions Réponses % Correct
Gorgias Platon
85%
L'existentialisme est un humanisme Sartre
84%
La critique de la raison pratique Emmanuel Kant
81%
La politique Aristote
70%
Par delà bien et Mal Nietzsche
67%
Le mythe de Sisyphe Albert Camus
66%
Phénoménologie de l'esprit Friedrich Hegel
54%
Le Rire Henri Bergson
48%
La crise de la Culture Hannah Arendt
43%
L'être et l'étant Martin Heidegger
42%
Le monde comme volonté de représentation Arthur Schopenhauer
41%
Traité de la nature humaine David Hume
32%
Somme théologique Saint Thomas d'Aquin
26%
La connaissance objective Karl Popper
10%
Nature Ralph Rado Emerson
3%
Aucun quiz correspondant
Distribution des résultats
% des personnes avec chaque résultat
Percentile par nombre de réponses
Votre historique - résultats
Vous n’avez pas pris ce quiz